| Tag |
First Indicator |
Second Indicator |
Subfields |
| LEADER |
00000cam a2200000 i 4500 |
| 001 |
in00003797721 |
| 005 |
20211120174140.0 |
| 006 |
m o d f |
| 007 |
cr mn||||||||| |
| 008 |
140926s1968 dcuabf ob f000 0 eng c |
| 035 |
|
|
|a (OCoLC)ocn891382621
|
| 040 |
|
|
|a COP
|b eng
|e rda
|e pn
|c COP
|d OCLCO
|d OCLCF
|d GPO
|d MvI
|d UtOrBLW
|
| 042 |
|
|
|a pcc
|
| 043 |
|
|
|a n-us-id
|
| 049 |
|
|
|a WWW
|
| 074 |
|
|
|a 0620 (online)
|
| 086 |
0 |
|
|a I 19.3:1252-A
|
| 100 |
1 |
|
|a Nelson, Willis H.
|q (Willis Howard),
|d 1920-2010,
|e author.
|0 http://id.loc.gov/authorities/names/n86105687
|
| 245 |
1 |
0 |
|a Geology of part of the Alder Creek mining district Custer County, Idaho :
|b discusses the relationships between the ore deposits and the intrusive and metamorphic rocks of the Alder Creek mining district /
|c by W.H. Nelson and C.P. Ross.
|
| 246 |
3 |
0 |
|a Discusses the relationships between the ore deposits and the intrusive and metamorphic rocks of the Alder Creek mining district
|
| 264 |
|
1 |
|a [Washington, D.C.] :
|b United States Department of the Interior, Geological Survey,
|c 1968.
|
| 264 |
|
2 |
|a Washington :
|b United States Government Printing Office
|
| 300 |
|
|
|a 1 online resource (iii, 30 pages, 1 page of plates) :
|b illustrations, maps (some color).
|
| 336 |
|
|
|a text
|b txt
|2 rdacontent
|
| 337 |
|
|
|a computer
|b c
|2 rdamedia
|
| 338 |
|
|
|a online resource
|b cr
|2 rdacarrier
|
| 490 |
1 |
|
|a Geological Survey bulletin ;
|v 1252-A
|
| 490 |
1 |
|
|a Contributions to economic geology
|
| 500 |
|
|
|a Title from title screen (viewed September 15, 2014).
|
| 504 |
|
|
|a Includes bibliographical references (page 30).
|
| 650 |
|
0 |
|a Geology
|z Idaho
|z Custer County.
|
| 650 |
|
0 |
|a Ore deposits
|z Idaho
|z Custer County.
|
| 650 |
|
7 |
|a Geology.
|2 fast
|0 (OCoLC)fst00940627
|
| 651 |
|
7 |
|a Idaho
|z Custer County.
|2 fast
|0 (OCoLC)fst01217666
|
| 700 |
1 |
|
|a Ross, Clyde P.
|q (Clyde Polhemus),
|d 1891-1965
|e author.
|0 http://id.loc.gov/authorities/names/no93009819
|
| 710 |
2 |
|
|a Geological Survey (U.S.),
|e issuing body.
|0 http://id.loc.gov/authorities/names/n80092173
|
| 776 |
0 |
8 |
|i Print version:
|a Nelson, Willis H.
|t Geology of part of the Alder Creek mining district Custer County, Idaho
|w (OCoLC)1446664
|
| 830 |
|
0 |
|a Geological Survey bulletin ;
|v 1252-A.
|0 http://id.loc.gov/authorities/names/n42012100
|
| 830 |
|
0 |
|a Contributions to economic geology.
|0 http://id.loc.gov/authorities/names/n42008278
|
| 856 |
4 |
0 |
|u https://purl.fdlp.gov/GPO/gpo68342
|t 0
|
| 999 |
f |
f |
|s 6e9eb4a2-da8e-334c-bde4-a0a054183029
|i 98407728-9c57-3ee8-9e99-61463739a465
|t 0
|
| 952 |
f |
f |
|a Texas A&M University
|b College Station
|c Electronic Resources
|d Available Online
|t 0
|e I 19.3:1252-A
|h Superintendent of Documents classification
|
| 998 |
f |
f |
|a I 19.3:1252-A
|t 0
|l Available Online
|